| 000 | 01773cam a2200505 i 4500 | ||
|---|---|---|---|
| 001 | vtls000721432 | ||
| 003 | PNM | ||
| 005 | 20200714144955.0 | ||
| 008 | 160506t20142011my ao j 001 0 may | ||
| 015 | _aM14-07712 | ||
| 020 |
_a9789674302955 _qset |
||
| 020 |
_a9789674302931 _qpaperback |
||
| 039 | 9 |
_a201605062147 _bVLOAD _c201501021038 _dnorizan _c201409231006 _dmanoriah _c201407181654 _dhishamuddin |
|
| 040 |
_aBNM _beng _cBNM _dPNM _dPPAK _erda |
||
| 049 | _aklpmal | ||
| 082 | 0 | 4 |
_a796.22 _223 |
| 090 | 0 | 0 |
_a796.22 _bTEL _dK |
| 100 | 1 |
_aTeller, Jackson, _eauthor. |
|
| 240 | 1 | 0 |
_aAdrenalin Rush: Skateboarding. _lMalay |
| 245 | 1 | 0 |
_aDERUAN ANDRENALIN : _bLUNCUR PAPAN SELAJU / _cJACKSON TELLER ; Penterjemah Nursyazatul Nabihah Laili |
| 264 | 1 |
_aKuala Lumpur : _bInstitut Terjemahan & Buku Malaysia, _c2014 |
|
| 264 | 4 | _c©2011 | |
| 300 |
_a32 pages : _bcolour photographs ; _c27 cm. |
||
| 336 |
_atext _2rdacontent |
||
| 337 |
_aunmediated _2rdamedia |
||
| 338 |
_avolume _2rdacarrier |
||
| 490 | 1 | _aSIRI SUKAN LASAK ITBM | |
| 500 | _aIncludes index | ||
| 650 | 1 | 0 |
_aSkateboarding _vJuvenile literature |
| 700 | 0 |
_aNursyazatul Nabihah Laili, _etranslator. |
|
| 700 | 0 |
_iTranslation of: _aTeller, Jackson. _tAdrenalin Rush: Skateboarding |
|
| 765 | 0 |
_aTeller, Jackson. _tAdrenalin Rush: Skateboarding _dLondon: Franklin Watts, 2011 |
|
| 830 | 0 | _aSiri sukan lasak ITBM | |
| 942 |
_2ddc _cB |
||
| 949 |
_61001221992 _e2248428 |
||
| 949 |
_61001221993 _e2248429 |
||
| 949 |
_61001221994 _e2248430 |
||
| 949 |
_61001221995 _e2248431 |
||
| 949 |
_61001221996 _e2248432 |
||
| 949 |
_61001221997 _e2248433 |
||
| 949 |
_61001221998 _e2248434 |
||
| 949 |
_61001221999 _e2248435 |
||
| 949 |
_62000217190 _a796.22 TEL M |
||
| 949 |
_62000217191 _a796.22 TEL M |
||
| 999 |
_c178165 _d178165 |
||